[Event "IND-ch U15 Girls"]
[Site "New Delhi"]
[Date "2010.09.09"]
[Round "8"]
[White "Isha, Bhave"]
[Black "Priyadharshini, Dharmaraj"]
[Result "1/2-1/2"]
[WhiteElo "1589"]
[BlackElo "1726"]
[PlyCount "89"]
[EventDate "2010.09.04"]
[EventType "swiss"]
[EventRounds "11"]
[EventCountry "IND"]
[SourceTitle "CBM 138 Extra"]
[Source "ChessBase"]
[SourceDate "2010.10.29"]
[SourceVersion "1"]
[SourceVersionDate "2010.10.29"]
[SourceQuality "1"]

1. e4 e5 2. Nf3 Nc6 3. Bb5 a6 4. Ba4 Nf6 5. 0-0 Nxe4 6. d4 b5 7. Bb3 d5 8. dxe5 Be6 9. Be3 Bc5 10. Bxc5 Nxc5 11. c3 Nxb3 12. axb3 0-0 13. Nbd2 Qd7 14. Ng5 Bf5 15. f4 h6 16. Ngf3 d4 17. cxd4 Nxd4 18. Rc1 Rad8 19. Kh1 Nxf3 20. Nxf3 Qe6 21. Nd2 Rd7 22. Qe1 Rfd8 23. Ne4 Bxe4 24. Qxe4 Qxb3 25. f5 Rd1 26. h3 Rxc1 27. Rxc1 Qd5 28. Qh4 Re8 29. f6 Qxe5 30. fxg7 Qg5 31. Qxg5 hxg5 32. Rxc7 Kxg7 33. Rc2 f6 34. Kh2 a5 35. Rc5 Rb8 36. Kg3 a4 37. Kg4 Rb6 38. Kf5 b4 39. Ra5 a3 40. b3 Kf7 41. Ra7+ Ke8 42. Ke4 Kd8 43. Kd5 Kc8 44. Kc5 Rb7 45. Ra6 1/2-1/2

[Event "IND-ch U15 Girls"]
[Site "New Delhi"]
[Date "2010.09.07"]
[Round "5"]
[White "Priyadharshini, Dharmaraj"]
[Black "Saranya, J."]
[Result "0-1"]
[WhiteElo "1726"]
[BlackElo "2121"]
[PlyCount "76"]
[EventDate "2010.09.04"]
[EventType "swiss"]
[EventRounds "11"]
[EventCountry "IND"]
[SourceTitle "CBM 138 Extra"]
[Source "ChessBase"]
[SourceDate "2010.10.29"]
[SourceVersion "1"]
[SourceVersionDate "2010.10.29"]
[SourceQuality "1"]

1. e4 c5 2. Nf3 d6 3. d4 cxd4 4. Nxd4 Nf6 5. Nc3 a6 6. Be3 e5 7. Nb3 Be6 8. Bd3 Nbd7 9. 0-0 Be7 10. h3 0-0 11. f4 Qc7 12. Qf3 b5 13. f5 Bc4 14. Nd2 Nb6 15. Qf2 Nfd7 16. Rac1 f6 17. Qg3 Rfc8 18. h4 Bf7 19. Qh3 Nc5 20. a3 d5 21. exd5 Bxd5 22. Nde4 Nxe4 23. Nxd5 Nxd5 24. Bxe4 Nxe3 25. Bxa8 Rxa8 26. Rf3 Nc4 27. b4 e4 28. Rf2 Rd8 29. Re1 e3 30. Rfe2 a5 31. c3 Bd6 32. Qg4 Bg3 33. Rf1 Bf2+ 34. Kh1 a4 35. Qe4 Qe5 36. Qc6 Qf4 37. g3 Qxg3 38. Qxb5 Qh3# 0-1

[Event "IND-ch U15 Girls"]
[Site "New Delhi"]
[Date "2010.09.05"]
[Round "3"]
[White "Bala, Kannamma P"]
[Black "Priyadharshini, Dharmaraj"]
[Result "1-0"]
[WhiteElo "1866"]
[BlackElo "1726"]
[PlyCount "65"]
[EventDate "2010.09.04"]
[EventType "swiss"]
[EventRounds "11"]
[EventCountry "IND"]
[SourceTitle "CBM 138 Extra"]
[Source "ChessBase"]
[SourceDate "2010.10.29"]
[SourceVersion "1"]
[SourceVersionDate "2010.10.29"]
[SourceQuality "1"]

1. e4 e5 2. Nf3 Nc6 3. Bb5 a6 4. Ba4 b5 5. Bb3 h6 6. 0-0 d6 7. h3 Nf6 8. Re1 Be7 9. c3 0-0 10. d4 exd4 11. cxd4 Bb7 12. Bf4 Nd7 13. Nbd2 Kh8 14. d5 Nce5 15. Nf1 Nxf3+ 16. Qxf3 Bg5 17. Bxg5 Qxg5 18. Ng3 Ne5 19. Qc3 Rac8 20. Nf5 g6 21. Ng3 Kh7 22. Qe3 Qxe3 23. Rxe3 c5 24. dxc6 Bxc6 25. Rd1 Rcd8 26. Rc3 g5 27. f3 b4 28. Rcc1 Bb5 29. Rc7 Kg6 30. Nf5 Nd3 31. Rd2 d5 32. Bxd5 Rxd5 33. Ne7+ 1-0